European Rivers - Sudden Death - Statistics

General Stats
  • This quiz has been taken 2,586 times
  • The average score is 7 of 10
Answers on the Grid
Answers color-coded by a green-red scale on the quiz's grid according to % correct below.
Amazon
Amur
Danube
Dnieper
Dniester
Don
Elbe
Lena
Niger
Nile
Ob
Oder
Parana
Po
Rhine
Rio Grande
Syr Darya
Tigris
Ural
Volga
 
Answer Stats
Answer % Correct
Rhine
81%
Danube
80%
Volga
77%
Elbe
73%
Dnieper
69%
Po
61%
Dniester
57%
Oder
56%
Ural
52%
Don
50%
No matching quizzes found
Score Distribution
Percent of People with Each Score
Percentile by Number Answered
Your Score History
You have not taken this quiz